000 00547nam a22001697a 4500
999 _c12036
_d12036
008 190115b ||||| |||| 00| 0 eng d
020 _a971-542-291-8
082 _22001
_aDFil 899.211
_bP53
245 _aAsuang steals fire from Gugurang /
_cDamiana L. Eugenio (Compiler and Editor)
260 _aQuezon City:
_bUP Press,
_cc2001.
300 _aPages 3-6;
_c23 cm.
500 _aPhilippine Folk Literature
650 _aMythology
_934135
650 _aLegends
_934136
650 _aPhilippine folk literature (English)
_934137
942 _2ddc
_cDFIL